[Event "5th Lanzarote chess tournament"]
[Site "Arrecife ESP"]
[Date "1977.06.06"]
[Round "7"]
[White "Fraguela Gil, Jose Miguel"]
[Black "Bellon Lopez, Juan Manuel"]
[Result "1-0"]
[WhiteElo "2310"]
[BlackElo "2415"]
[EventDate "1977.05.30"]
[PlyCount "71"]

1. c4 Nf6 2. Nc3 e6 3. Nf3 b6 4. g3 Bb7 5. Bg2 Be7 6. O-O O-O 7. d4 d5 8. Ne5
Na6 9. Be3 c5 10. Rc1 Re8 11. Qc2 Nd7 12. Nxd7 Qxd7 13. Rfd1 Nb4 14. Qb1 e5 15.
dxe5 d4 16. Ne4 Qg4 17. Bf4 Qxe2 18. a3 Nc6 19. Nd6 Bxd6 20. exd6 Qg4 21. b4
Qd7 22. bxc5 bxc5 23. Qb5 Rac8 24. Qxc5 Ne5 25. Qxa7 Nc6 26. Qb6 h6 27. Re1 g5
28. Bd2 Ba8 29. Rxe8+ Qxe8 30. Re1 Qd7 31. c5 d3 32. Qa6 Qf5 33. Be4 Qh3 34.
Bc3 Nd4 35. Qxd3 Nf5 36. d7 {[Fuente: Rodriguez, Orestes. Resea y seleccin
de partidas del V Torneo Internacional de Lanzarote. Revista AJEDREZ 6000. 
(01-07-1977, nmero 72, pginas 250-258). Publicacin editada por la Caja
Insular de Ahorros de Gran Canaria. Las Palmas de Gran Canaria, Espaa. ]} 1-0

[Event "5th Lanzarote chess tournament"]
[Site "Arrecife ESP"]
[Date "1977.06.06"]
[Round "7"]
[White "Garcia Padron, Jose"]
[Black "Browne, Walter Shawn"]
[Result "1-0"]
[WhiteElo "2425"]
[BlackElo "2545"]
[EventDate "1977.05.30"]
[PlyCount "68"]

1. c4 e5 2. Nc3 Nc6 3. g3 g6 4. Bg2 Bg7 5. d3 f5 6. e3 Nf6 7. Nge2 O-O 8. O-O
d6 9. b3 $1 ({No es que esta jugada sea buena; nicamente lleva el signo de
admiracin porque me ha dado resultados excelentes.  Victoria ante Tahl,
victoria ante  Browne, no est nada mal.  La variante no la he aprendido de
ningn l ibro. Se me ha ocurrido tras mi partida con Browne en Las Palmas 
(1977), en la que jugu:} 9. Nd5 Ne7 $1 10. Nec3 c6 {y no me satisfizo el
juego blanco. En este esquema Miles jug contra el mismo Browne a base de
b4-b5. Tambin es interesante.}) 9... g5 $1 ({Creo que la mejor reaccin de
las negras es atacar en el punto f4, pues el esquema elegido por el blanco es
seal de que se va a jugar por el centro y dudo, por no decir que es malo, que
el planteo adoptado por Tahl contra m en Las Palmas (1977) sea correcto .
Veamos lo que jug Tahl:} 9... Be6 $5 10. Bb2 Qd7 11. d4 exd4 12. exd4 ({
Posible es} 12. Nxd4) 12... Bf7 13. d5 Ne5 {y ahora} 14. h3 {es muy fuerte.} ({
Yo jugu} 14. Nd4 {.})) 10. Bb2 Ne7 11. f4 ({Aunque yo pensaba que} 11. Qd2 {
era un error, ya puedo decir que es perfectamente jugable. Tras} f4 12. exf4
gxf4 13. gxf4 Bh6 14. d4 $1 {las blancas tienen gran ventaja.}) 11... Ng6 {
[Naturalmente es imposible tomar el pen "g" por 12...Cg4. ]} 12. Qd2 gxf4 13.
exf4 c6 14. h3 {[E s una j ugada muy fea, pero prcticamente necesaria. Las
amenazas del negro a base de ...Dg6+ y ...Cg4, eran difciles parar de otra
manera. ]} h5 {[Esperaba esta reaccin. Es natural en Browne. ]} 15. fxe5 $1 {
[Abriendo el centro. ]} dxe5 16. d4 Kh7 17. Rad1 Bh6 18. Qc2 exd4 {[A Browne
no le agrada cerrar el centro, ya que se lograra un bloqueo perfecto en las
casillas negras, comenzando con 19. Cf4. ]} 19. Na4 ({Aqu hay jugadas
interesantes, pero desgraciadamente pierden para el blanco. Ejemplo:} 19. Nxd4
Be3+ 20. Kh1 Bxd4 21. Rxd4 Qxd4 22. Nd5 Qxb2 $1 23. Qxb2 cxd5 24. cxd5 Bd7 {
consolidando la posicin, lo que les brindara un triunfo seguro en vistas a
la superioridad de material.}) 19... Be3+ $1 20. Kh1 ({Tal vez es mejor} 20.
Kh2 {.}) 20... Ne4 $1 21. Rf3 $3 ({Si} 21. Bxe4 fxe4 22. Qxe4 Bxh3 23. Rxf8
Qxf8 24. Bxd4 (24. Nf4 Bf5 $19 {tambin ganan.}) 24... Re8 $19 {ganan.}) 21...
Nf2+ 22. Rxf2 Bxf2 23. Nxd4 Bxd4 $2 (23... Bxg3 $1 {era fuerte.}) 24. Rxd4 Qg5
25. Qc3 $1 {[Planteando amenazas tcticas, debido al apuro de tiempo de Browne.
]} Rg8 {Ahora tengo que crear nuevas amenazas antes de que el negro desarrolle
su flanco de dama.  La cuestin estaba en cmo hacerlo, porque parece 1ue la
posicin negra es bastante segura. No obstante tienen un punto dbil que es el
de h5, lo cual se explota comenzando con la jugada del texto. ]} 26. h4 $1 Qe7
27. Qf3 Rg7 28. Rd1 $1 {[Muy fuerte ante los apuros de reloj. ]} Ne5 $2 29.
Bxe5 Qxe5 $4 30. Qxh5+ Kg8 31. Rd8+ {[Comentarios: Jos Garca Padrn. 
(AJEDREZ 6000, nmero 72). || Fuente: Revista AJEDREZ 6000. (01-07-1977,
nmero 72, pginas 250-258). Seccin Panorama Internacional. Resea y
seleccin de partidas del V Torneo Internacional de Lanzarote. Publicacin
editada por la Caja Insular de Ahorros de Gran Canaria. Las Palmas de Gran
Canaria. ]} (31. Rd8+ {. Aqu abandon Browne; claro es mate a la siguiente.}
Qe8 32. Rxe8# {. Estuvimos analizando alrededor de una hora y vimos las
mayores chances para ambos. Browne no estaba conforme. !Lgico, termin
perdiendo!}) 1-0

[Event "5th Lanzarote chess tournament"]
[Site "Arrecife ESP"]
[Date "1977.06.06"]
[Round "7"]
[White "Tatai, Stefano"]
[Black "Martin Gonzalez, Angel"]
[Result "0-1"]
[WhiteElo "2480"]
[BlackElo "2340"]
[EventDate "1977.05.30"]
[PlyCount "68"]

1. Nf3 c5 2. e4 d6 3. d4 cxd4 4. Nxd4 Nf6 5. Nc3 g6 6. Be3 Bg7 7. f3 Nc6 {[Ya
estamos en el conocido Dragn. Un asiduo practicante y un terico del mismo
frente a frente. La lucha promete ser interesante. ]} 8. Qd2 O-O 9. Bc4 Bd7 10.
h4 ({Ya no se juega tanto} 10. O-O-O {por} Qb8 {. Para enrocarse siempre hay
tiempo.}) 10... Rc8 11. Bb3 Ne5 12. O-O-O Nc4 13. Bxc4 Rxc4 14. g4 b5 $6 ({En
vez de} 14... Qa5 {, ms practicada. Martin, gran conocedor de la defensa,
tendr sin duda anlisis propios.}) 15. h5 b4 ({A} 15... Qa5 {seguira sin duda
} 16. hxg6 $1) 16. Nd5 e6 17. Nxf6+ $6 ({En partida disputada en el reciente
Campeonato de Espaa por Clubes (semifinales) entre Gallego y el mismo Martn,
el primero continu con} 17. Nxb4 {, logrando la victoria en pocas jugadas 
(Revista JAQUE nmero 66). Claro que el campen de Espaa tendr mejor
continuacin que oponer.}) 17... Qxf6 18. hxg6 hxg6 19. Qh2 Rfc8 20. Rd2 e5 21.
g5 Qd8 22. Nb3 a5 23. Kb1 a4 24. Nc1 Qc7 25. Rhd1 d5 $5 {[Despreciando el
material ante la eventualidad de abrir la diagonal al alfil con un posible
Pen "e4". ]} 26. Nd3 d4 27. Bg1 Be6 28. Rf1 Rc6 {[Nuevo sacrificio para abrir
brecha. ]} 29. Nxb4 Rb6 30. a3 Qc4 $1 31. c3 Rxb4 $1 {[El sacrificio
definitivo. ]} 32. axb4 Qa2+ 33. Kc2 Rxc3+ 34. Kd1 Bb3+ {[Comentarios: Flix
del Hoyo. (Revista JAQUE nmero 68). || Fuente: Del Hoyo, Flix. Artculo y
partidas comentadas del V Torneo Internacional de Lanzarote. Revista JAQUE. 
(01-08-1977, ao VII, nmero 68, pginas 11-12). Jos Maria Gonzlez 
(Editor-Director). San Sebastin, Espaa. ]} 0-1

[Event "5th Lanzarote chess tournament"]
[Site "Arrecife ESP"]
[Date "1977.06.07"]
[Round "8"]
[White "Bellon Lopez, Juan Manuel"]
[Black "Garcia Conesa, Gregorio"]
[Result "1-0"]
[WhiteElo "2415"]
[BlackElo "2340"]
[EventDate "1977.05.30"]
[PlyCount "45"]

1. e4 c5 2. Nf3 Nc6 3. d4 cxd4 4. Nxd4 Nf6 5. Nc3 e5 6. Ndb5 d6 7. Nd5 Nxd5 8.
exd5 Ne7 9. c4 a6 10. Qa4 axb5 11. Qxa8 g6 12. c5 f6 13. Bxb5+ Kf7 14. Bc4 Bg7
15. Bd2 Nf5 16. Ba5 Qe7 17. Qb8 Nd4 18. O-O b5 19. cxd6 Qd7 20. Bb3 Qg4 21. Bd1
Qf5 22. Qc7+ Bd7 23. g4 {[Fuente: Keating, Michael. Seleccin de partidas de
"Lanzarote 1977". Visor y base de ajedrez del sitio web MY CHESS. (2004-2015).
Disponible en la direccin http://db.mychess.com ]} 1-0

[Event "5th Lanzarote chess tournament"]
[Site "Arrecife ESP"]
[Date "1977.06.07"]
[Round "8"]
[White "Browne, Walter Shawn"]
[Black "Miles, Anthony John"]
[Result "1/2-1/2"]
[WhiteElo "2545"]
[BlackElo "2555"]
[EventDate "1977.05.30"]
[PlyCount "29"]

{[Inf 24/(82)]} 1. c4 c5 2. Nf3 Nf6 3. Nc3 d5 4. cxd5 Nxd5 5. g3 g6 6. Bg2 Bg7
7. O-O Nc6 8. Ng5 $5 e6 9. Nge4 b6 {*} 10. Qa4 Bd7 $1 11. Nxd5 (11. Nd6+ Ke7
12. Nxd5+ (12. Nxf7 Kxf7 13. Nxd5 Nb4 $1 $19) 12... exd5 13. Nxf7 (13. Qf4 Be5
$17) 13... Nb4 $1 14. Nxd8 Bxa4 $19) 11... exd5 12. Nc3 Ne7 $17 {[Comentarios:
Anthony Miles (INF24/(82)). || Fuente: CHESS INFORMATOR.  (1978, tomo 24, item
(82)). Partida comentada W Browne vs. A Miles del TI Lanzarote 1977. Editorial
Sahovski Informator, Belgrado, Yugoslavia. ]} 1/2-1/2

[Event "5th Lanzarote chess tournament"]
[Site "Arrecife ESP"]
[Date "1977.06.09"]
[Round "9"]
[White "Betancort Curbelo, Juan Rafael"]
[Black "Bellon Lopez, Juan Manuel"]
[Result "1-0"]
[WhiteElo "2355"]
[BlackElo "2415"]
[EventDate "1977.05.30"]
[PlyCount "116"]

1. d4 d5 2. c4 dxc4 3. Nc3 e5 4. dxe5 Qxd1+ 5. Kxd1 c6 6. g3 Nd7 7. f4 Nc5 8.
Bg2 Nh6 9. Nf3 Bf5 10. Ke1 Ne4 11. Nd2 Nxd2 12. Bxd2 Bb4 13. Ne4 Be7 14. h3
O-O-O 15. Be3 Kc7 16. Kf2 Be6 17. Rhd1 b6 18. g4 Bd5 19. f5 Rhe8 20. Bf4 Kb7
21. Bf3 Ng8 22. g5 Bb4 23. a3 Bxe4 24. Bxe4 Bc5+ 25. e3 Ne7 26. Kf3 g6 27. f6
Nd5 28. Rac1 b5 29. h4 Bb6 30. Rc2 Ba5 31. h5 Nc7 32. Rd6 Rxd6 33. exd6 Ne6 34.
hxg6 hxg6 35. Rh2 Nc5 36. Bc2 Kc8 37. Rh7 Rf8 38. Bxg6 fxg6 39. Rxa7 Bd8 40. e4
Kb8 41. Re7 Nd3 42. Bg3 Nc5 43. e5 Kc8 44. Rg7 Ne6 45. Rxg6 Ba5 46. Ke4 Bd2 47.
Kf5 Nd4+ 48. Kg4 Ne6 49. Bf2 c5 50. Kf5 Kd7 51. Rh6 Rf7 52. Rh8 b4 53. axb4
cxb4 54. g6 c3 55. bxc3 bxc3 56. gxf7 c2 57. f8=N+ Nxf8 58. Rxf8 c1=N {[Fuente:
Rodriguez, Orestes. Resea y seleccin de partidas del V Torneo Internacional
de Lanzarote. Revista AJEDREZ 6000. (01-07-1977, nmero 72, pginas 250-258).
Publicacin editada por la Caja Insular de Ahorros de Gran Canaria. Las Palmas
de Gran Canaria, Espaa. ]} 1-0

[Event "5th Lanzarote chess tournament"]
[Site "Arrecife ESP"]
[Date "1977.06.10"]
[Round "10"]
[White "Garcia Padron, Jose"]
[Black "Miles, Anthony John"]
[Result "0-1"]
[WhiteElo "2425"]
[BlackElo "2555"]
[EventDate "1977.05.30"]
[PlyCount "92"]

1. c4 e6 2. Nc3 b6 3. Nf3 Bb7 4. g3 Nf6 5. Bg2 d5 6. d4 dxc4 7. Qa4+ Nbd7 8.
O-O c5 9. Qxc4 Rc8 10. Qd3 a6 11. Rd1 b5 12. Bg5 c4 13. Qd2 Be7 14. a3 O-O 15.
Bxf6 Nxf6 16. Ne5 Bxg2 17. Kxg2 Qb6 18. e4 Rfd8 19. Qe3 Qb7 20. Rd2 a5 21. f3
b4 22. axb4 axb4 23. Ne2 Nd7 24. Nxd7 Rxd7 25. Rc1 Qb5 26. Rdc2 Rdc7 27. Rd2
Qb6 28. e5 h6 29. Rdc2 Qb5 30. h4 Ra8 31. Qe4 Ra2 32. Kh3 Bf8 33. Nf4 c3 34. d5
exd5 35. Qxd5 Qxd5 36. Nxd5 Rd7 37. Nb6 Rb7 38. Nc4 Rc7 39. b3 Rxc2 40. Rxc2
Rxc4 41. bxc4 Bc5 42. Kg4 Bd4 43. c5 Bxc5 44. Kf5 Bd4 45. Ra2 b3 46. e6 fxe6+ {
[Fuente: Rodriguez, Orestes. Resea y seleccin de partidas del V Torneo
Internacional de Lanzarote. Revista AJEDREZ 6000. (01-07-1977, nmero 72,
pginas 250-258). Publicacin editada por la Caja Insular de Ahorros de Gran
Canaria. Las Palmas de Gran Canaria, Espaa. ]} 0-1

[Event "5th Lanzarote chess tournament"]
[Site "Arrecife ESP"]
[Date "1977.06.11"]
[Round "11"]
[White "Miles, Anthony John"]
[Black "Rodriguez Vargas, Orestes"]
[Result "1/2-1/2"]
[WhiteElo "2555"]
[BlackElo "2450"]
[EventDate "1977.05.30"]
[PlyCount "33"]

1. c4 e6 2. Nc3 d5 3. d4 c5 4. cxd5 exd5 5. Nf3 Nc6 6. Bg5 Nf6 7. e3 $6 Be6 8.
Be2 Be7 9. dxc5 Bxc5 10. O-O O-O 11. Rc1 Be7 12. Nd4 Rc8 13. Na4 Qa5 14. a3
Nxd4 15. Qxd4 Rfd8 $1 16. Nc3 h6 17. Bf4 {[Fuente: Del Hoyo, Flix. Resea y
seleccin de partidas del V Torneo Internacional de Lanzarote. Revista JAQUE. 
(01-08-1977, ao VII, nmero 68, pginas 11-12). Jos Mara Gonzlez 
(Editor-Director). San Sebastin, Espaa. ]} 1/2-1/2